000 00459cam a22001934a 4500
005 20250605164306.0
008 250528s ||||||||||||||||||||||||d
035 _a22280
020 _a9781609185046
040 _aGR-AtMCL
_bgre
_dGR-AtMCL
_eAACR2
245 1 _aCOGNITIVE BEHAVIOR THERAPY
250 _a2
260 _bGuilford Press,
_c2011
300 _a391
700 1 _aBeck Judith S.
_9148
942 _cBK
999 _c7336
_d7336